Poor Roger, 1766. The American country almanack, for the year of Christian account 1766 : ... Calculated according to art, and fitted to the province of New-York ... /

Bibliographic Details
Other Authors: More, Roger
Format: eBook
Language:English
Series:Early American imprints. Evans (1639-1800) ; no. 10078.
Subjects:
Online Access:Evans Digital Edition

MARC

Tag First Indicator Second Indicator Subfields
LEADER 00000cam a2200000 a 4500
001 in00002170607
006 m e d #
007 cr mn mmmmamba
008 840618s1765 nyua s 000 0 eng d
005 20260331163429.4
035 |a aas03036481 
040 |a MWA  |c MWA  |e bdrb  |d UtOrBLW 
245 0 0 |a Poor Roger, 1766. The American country almanack, for the year of Christian account 1766 :  |b ... Calculated according to art, and fitted to the province of New-York ... /  |c By Roger More, philodespot. ... 
264 3 |a New-York :  |b Printed and sold by James Parker and John Holt, at the new printing office at the Exchange,  |c [1765] 
300 |a 48 unnumbered pages :  |b illustrations ;  |c 18 cm. (duodecimo) 
336 |a text  |b txt  |2 rdacontent 
337 |a computer  |b c  |2 rdamedia 
338 |a online resource  |b cr  |2 rdacarrier 
500 |a "Roger More" is a pseudonym. 
500 |a The Anatomy is the only illustration. 
510 4 |a Evans  |c 10078 
510 4 |a Drake, M. Almanacs,  |c 5773 
533 |a Electronic text and image data.  |b [Chester, Vt. :  |c Readex, a division of Newsbank, Inc.,  |d 2002-2004.  |e Includes files in TIFF, GIF and PDF formats with inclusion of keyword searchable text.  |f (Early American imprints. First series ; no. 10078). 
500 |a Electronic resource. 
655 7 |a Almanacs  |z New York (State)  |y 1766.  |2 rbgenr 
700 1 |a More, Roger. 
740 0 |a American country almanack, for the year of Christian account 1766. 
752 |a United States  |b New York  |d New York. 
830 0 |a Early American imprints.  |n Series I,  |p Evans (1639-1800) ;  |v no. 10078. 
856 4 1 |u http://proxy.library.tamu.edu/login?url=https://opac.newsbank.com/select/evans/10078  |y Evans Digital Edition  |t 0 
999 |a MARS 
999 f f |s 77873de2-457d-37f9-bcb9-247b39d58467  |i d837dcf1-2ff8-30f7-a92a-b3b9c6113deb  |t 0 
952 f f |a Texas A&M University  |b College Station  |c Electronic Resources  |s www_evans  |d Available Online  |t 0  |h No information provided 
998 f f |t 0  |l Available Online